Tiësto Discography - Statistics

General Stats
  • This quiz has been taken 12 times
  • The average score is 14 of 56
Answer Stats
Type Year Name % Correct
Album 2007 Elements of Life
63%
Album 2004 Just Be
63%
Album 2009 Kaleidoscope
63%
Mix Album 1997 Magik One: First Flight
63%
Mix Album 1999 In Search of Sunrise
50%
Mix Album 2006 In Search of Sunrise 5: Los Angeles
50%
Mix Album 2012 Club Life
38%
Mix Album 2017 Club Life: Volume Five China
38%
Mix Album 2015 Club Life: Volume Four New York City
38%
Mix Album 2011 Club Life: Volume One Las Vegas
38%
Mix Album 2013 Club Life: Volume Three Stockholm
38%
Mix Album 2012 Dance (RED) Save Lives
38%
Mix Album 2000 In Search of Sunrise 2
38%
Mix Album 2002 In Search of Sunrise 3: Panama
38%
Mix Album 2005 In Search of Sunrise 4: Latin America
38%
Mix Album 2007 In Search of Sunrise 6: Ibiza
38%
Mix Album 2008 In Search of Sunrise 7: Asia
38%
Compilation 2010 Magikal Journey - The Hits Collection 1998-2008
38%
Mix Album 2000 Magik Five: Heaven Beyond
38%
Mix Album 1999 Magik Four: A New Adventure
38%
Mix Album 1998 Magik Three: Far from Earth
38%
Mix Album 1998 Magik Two: Story of the Fall
38%
Live Compilation 2004 Parade of the Athletes
38%
Album 2014 A Town Called Paradise
25%
Remix Album 2008 Elements of Life: Remixed
25%
Album 2001 In My Memory
25%
Remix Album 2005 Just Be: Remixed
25%
Mix Album 2000 Magik Six: Live in Amsterdam
25%
Mix Album 2000 Summerbreeze
25%
DVD 2003 Tiësto in Concert
25%
Mix Album 2016 AFTR:HRS Vol. 1
13%
DVD 2003 Another Day at the Office
13%
DVD 2008 Copenhagen: Elements of Life World Tour
13%
Mix Album 1995 Forbidden Paradise 3: The Quest for Atlantis
13%
Mix Album 1995 Forbidden Paradise 4: High as a Kite
13%
Mix Album 1996 Forbidden Paradise 5: Arctic Expedition
13%
Mix Album 1996 Forbidden Paradise 6: Valley of Fire
13%
Mix Album 1998 Forbidden Paradise 7: Deep Forest
13%
Mix Album 1998 Global Clubbing: The Netherlands
13%
Remix Album 2010 Kaleidoscope: Remixed
13%
Mix Album 2001 Magik Seven: Live in Los Angeles
13%
Mix Album 2003 Nyana
13%
Mix Album 2001 Revolution
13%
Mix Album 1998 Space Age 1.0
13%
Mix Album 1999 Space Age 2.0
13%
DVD 2004 Tiësto in Concert 2
13%
Compilation 2005 Best of System F & Gouryella (Part 1)
0%
Compilation 2006 Best of System F & Gouryella (Part 2)
0%
Compilation 2008 Kamaya Painters: The Collected Works
0%
Album 2011 Kiss from the Past
0%
Remix Album 2013 Kiss from the Past: The Remix Album
0%
Compilation 1999 Live at Innercity: Amsterdam RAI
0%
Mix Album 1996 Lost Treasures: Concerto for Sonic Circles
0%
Mix Album 1997 Lost Treasures: Creatures of the Deep
0%
Mix Album 1996 Lost Treasures: Isle of Ra
0%
Remix Album 2005 Perfect Remixes Vol. 3
0%
No matching quizzes found
Score Distribution
Percent of People with Each Score
Percentile by Number Answered
Your Score History
You have not taken this quiz